000 00319nam a2200109Ia 4500
008 160531s9999 xx 000 0 und d
100 _aChaudhuri, A.K.
245 2 _aA short course on Relativistic Heavy Ion Collisions
245 _cby A. K. Chaudhuri
260 _c2012
856 _uhttp://arxiv.org/pdf/1207.7028v1.pdf
999 _c295234
_d295234